Score 0/18 Timer 02:00
0 Plays Today
Clue 4-Letter Word % Correct
Jack and Jill went up to fetch this water containerPAIL
95.9%
Actor Connery of 'Medicine Man'SEAN
91.5%
Word found on an octagonal signSTOP
90.8%
This often hangs from the mastSAIL
89.9%
Part of a flight of stairsSTEP
88.1%
Viewed or espiedSEEN
87.7%
Ooze intoSEEP
85.5%
Singer married to Heidi KlumSEAL
80%
A baby horseFOAL
79.1%
Clue 4-Letter Word % Correct
Dirt or loam, e.g.SOIL
73.9%
A fencing weaponFOIL
71.4%
On the highest point ofATOP
68.7%
An old adjective for loyalFEAL
62.2%
With [Last Rung], 50's-60's crooner of 'Diana' and 'Put Your Head on My Shoulder'PAUL
52.2%
With [First Rung], 50's-60's crooner of 'Diana' and 'Put Your Head on My Shoulder'ANKA
36.9%
Ancient Egyptian sun godATON
29.9%
SoonANON
29.2%
A Celebes ox, as often seen in crosswordsANOA
18.8%

Today's Daily Dose

Remove Ads.
Support Sporcle.
Get the best of Sporcle when you Go Orange. This ad-free experience offers more features, more stats, and more fun while also helping to support Sporcle. Thank you for becoming a member.

You're not logged in!

Compare scores with friends on all Sporcle quizzes.
OR
Log In

Show Comments

Extras

Top Quizzes Today


Score Distribution

Your Account Isn't Verified!

In order to create a playlist on Sporcle, you need to verify the email address you used during registration. Go to your Sporcle Settings to finish the process.

Report this User

Report this user for behavior that violates our Community Guidelines.

Details: